Peptides: chemistry and biology by Norbert Sewald and Hans-Dieter Jakubke (Record no. 1215239)
[ view plain ]
| 000 -LEADER | |
|---|---|
| fixed length control field | 01162nam a2200313Ia 4500 |
| 003 - CONTROL NUMBER IDENTIFIER | |
| control field | OSt |
| 005 - DATE AND TIME OF LATEST TRANSACTION | |
| control field | 20221007125420.0 |
| 008 - FIXED-LENGTH DATA ELEMENTS--GENERAL INFORMATION | |
| fixed length control field | 221006b |||||||| |||| 00| 0 eng d |
| 020 ## - INTERNATIONAL STANDARD BOOK NUMBER | |
| International Standard Book Number | 3527304053 (hbd) |
| -- | 99.95 |
| 037 ## - SOURCE OF ACQUISITION | |
| Terms of availability | Textual |
| 040 ## - CATALOGING SOURCE | |
| Original cataloging agency | CDL |
| Transcribing agency | CDL |
| Language of cataloging | eng |
| 041 ## - LANGUAGE CODE | |
| Source of code | eng |
| Language code of text/sound track or separate title | eng |
| 100 ## - MAIN ENTRY--PERSONAL NAME | |
| Personal name | Sewald Norbert |
| 9 (RLIN) | 721917 |
| 245 #0 - TITLE STATEMENT | |
| Title | Peptides: chemistry and biology by Norbert Sewald and Hans-Dieter Jakubke |
| Remainder of title | Jakubke Hans-Dieter |
| 260 ## - PUBLICATION, DISTRIBUTION, ETC. | |
| Place of publication, distribution, etc. | Weinheim |
| Name of publisher, distributor, etc. | Wiley-VCH |
| Date of publication, distribution, etc. | 2002 |
| 300 ## - PHYSICAL DESCRIPTION | |
| Extent | xxxiv, 562p |
| Dimensions | cm. |
| 500 ## - GENERAL NOTE | |
| General note | Includes bibliographical references; Glossary 429-543p; Index 545-562p; ^n23/CSL/CARC/2002-03/106^d2003-01-21^mPurchase; ; 2002-03/668^b2002-01-24^c168^d2002-01-23^eRs.4,336.73^fDhanraj Book House; ; 2003-01-28^bSB^c2003-01-29^dRPS |
| 650 ## - SUBJECT ADDED ENTRY--TOPICAL TERM | |
| Topical term or geographic name entry element | Amino Acid |
| 9 (RLIN) | 721329 |
| 650 ## - SUBJECT ADDED ENTRY--TOPICAL TERM | |
| Topical term or geographic name entry element | Biosubstances |
| 9 (RLIN) | 717638 |
| 650 ## - SUBJECT ADDED ENTRY--TOPICAL TERM | |
| Topical term or geographic name entry element | Peptides |
| 650 ## - SUBJECT ADDED ENTRY--TOPICAL TERM | |
| Topical term or geographic name entry element | Chemistry |
| 700 ## - ADDED ENTRY--PERSONAL NAME | |
| Personal name | Jakubke Hans-Dieter |
| 9 (RLIN) | 721918 |
| 942 ## - ADDED ENTRY ELEMENTS (KOHA) | |
| Classification part | E92Z1, P2 |
| Koha item type | Textual |
| Source of classification or shelving scheme | Colon Classification (CC) |
| Withdrawn status | Lost status | Source of classification or shelving scheme | Damaged status | Not for loan | Home library | Current library | Date acquired | Source of acquisition | Total Checkouts | Full call number | Barcode | Date last seen | Price effective from | Koha item type |
|---|---|---|---|---|---|---|---|---|---|---|---|---|---|---|
| Colon Classification (CC) | Department of Chemistry Library | Department of Chemistry Library | 2022-10-07 | N R, | E92Z1 P2 | CD0006832 | 2022-10-07 | 2022-10-07 | Textual |
